[Event "Ulan-Ude Sangha"]
[Site "Ulan-Ude"]
[Date "2013.09.14"]
[Round "9"]
[White "Nevostrujev, Vladimir"]
[Black "Kron, Valentin"]
[Result "0-1"]
[WhiteElo "2434"]
[BlackElo "2425"]
[PlyCount "160"]
[EventDate "2013.09.08"]
[EventType "tourn"]
[EventRounds "11"]
[EventCountry "RUS"]
[EventCategory "7"]
[SourceTitle "EXT 2018"]
[Source "ChessBase"]
[SourceDate "2017.10.13"]
[SourceVersion "1"]
[SourceVersionDate "2017.10.13"]
[SourceQuality "1"]

1. e4 c5 2. Nf3 Nc6 3. d4 cxd4 4. Nxd4 g6 5. c4 Nf6 6. Nc3 d6 7. Be2 Nxd4 8. Qxd4 Bg7 9. Be3 0-0 10. Qd2 Be6 11. 0-0 Qa5 12. Rab1 Rfc8 13. b3 a6 14. Rfc1 b5 15. b4 Qd8 16. c5 dxc5 17. Qxd8+ Rxd8 18. bxc5 Rac8 19. a4 Bc4 20. Bxc4 bxc4 21. Rb4 Ng4 22. Nd5 Kf8 23. Rbxc4 e6 24. Nb4 a5 25. Nc2 Bb2 26. Rb1 Ne5 27. Rd4 Bxd4 28. Bxd4 Nd7 29. Ne3 e5 30. Bb2 Nxc5 31. Bxe5 Nxe4 32. f3 Nc3 33. Rb7 Nd5 34. Ng4 Rc2 35. h4 h5 36. Nf2 Re8 37. Nd3 Kg8 38. Rb5 Ne3 39. Nf4 Kh7 40. Kh2 Rc6 41. Nh3 f6 42. Bd4 Nf5 43. Bf2 Re5 44. Rb7+ Re7 45. Rb5 Rc4 46. Rxa5 Nxh4 47. Ra6 Kg7 48. a5 Nf5 49. Rb6 Ra4 50. a6 g5 51. Bc5 Rf7 52. Nf2 Ra2 53. Ne4 Nh4 54. Bf2 Kg6 55. a7 Raxa7 56. Nxf6 Rab7 57. Rxb7 Rxb7 58. Bxh4 Kxf6 59. Bf2 Kf5 60. Bg3 Rb1 61. Bc7 Rd1 62. Bb8 Rd3 63. Bc7 g4 64. fxg4+ hxg4 65. Bb8 Ke4 66. Bc7 Kd4 67. Ba5 Kc4 68. Be1 Kb3 69. Kg1 g3 70. Kf1 Kc4 71. Ke2 Kd4 72. Bd2 Ke4 73. Ba5 Rd7 74. Be1 Rg7 75. Bb4 Rg6 76. Ba5 Rc6 77. Be1 Rc2+ 78. Kf1 Kf4 79. Ba5 Rc1+ 80. Ke2 Rg1 0-1

[Event "Kemerovo Region Cup"]
[Site "Kemerovo"]
[Date "2013.09.03"]
[Round "6"]
[White "Belozerov, Andrei"]
[Black "Nevostrujev, Vladimir"]
[Result "0-1"]
[WhiteElo "2505"]
[BlackElo "2434"]
[PlyCount "140"]
[EventDate "2013.08.28"]
[EventType "swiss"]
[EventRounds "7"]
[EventCountry "RUS"]
[SourceTitle "EXT 2014"]
[Source "ChessBase"]
[SourceDate "2013.11.20"]
[SourceVersion "1"]
[SourceVersionDate "2013.11.20"]
[SourceQuality "1"]

1. e4 c5 2. Nf3 d6 3. d4 cxd4 4. Nxd4 Nf6 5. Nc3 a6 6. Be3 e5 7. Nb3 Be6 8. f3 Nc6 9. Nd5 Bxd5 10. exd5 Ne7 11. c4 Ng6 12. Qd2 Be7 13. Be2 0-0 14. 0-0 Nf4 15. Bxf4 exf4 16. Qxf4 Nd7 17. Kh1 Re8 18. Rae1 Bf6 19. Qd2 Qb6 20. f4 g6 21. Bd3 Rxe1 22. Rxe1 a5 23. Re2 a4 24. Nc1 Qd4 25. b4 Nb6 26. Qe1 Qxf4 27. Re4 Qh6 28. Ne2 Nd7 29. Nf4 Be5 30. Nh3 Nf6 31. Rh4 Bc3 32. Qf2 Qc1+ 33. Bf1 Re8 34. Rf4 Re1 35. Ng1 Be5 36. Rf3 Ne4 37. Qh4 Bf6 38. Qg4 h5 39. Qf4 Qxf4 40. Rxf4 Be5 41. Rxe4 Rxe4 42. Nf3 Bc3 43. c5 Rxb4 44. c6 bxc6 45. dxc6 Rb6 46. c7 Rc6 47. Bb5 Rxc7 48. Bxa4 Kf8 49. Kg1 Bf6 50. Kf2 Ke7 51. Bb3 Rc5 52. Ne1 Bh4+ 53. g3 Bf6 54. Nd3 Rc8 55. Ke3 Be5 56. Nb4 Rc1 57. Nd5+ Kd7 58. a4 Ra1 59. Kd3 f5 60. Kc4 g5 61. Kb5 Rb1 62. Kb4 f4 63. gxf4 gxf4 64. a5 f3 65. a6 Bd4 66. Nf6+ Kd8 67. Nxh5 f2 68. Ng3 Kc7 69. Kc4 Be5 70. Bc2 Rc1 0-1